| 000 | 00745nam a2200241 i 4500 | ||
|---|---|---|---|
| 001 | 16207 | ||
| 003 | ES-MaACL | ||
| 005 | 20250822042254.0 | ||
| 007 | t| | ||
| 008 | 000711s1997 mx ||||1| spa d | ||
| 020 | _a968-23-1581-6 | ||
| 080 | _a159.942 | ||
| 100 | 1 |
_aCaruso, Igor A. _935921 |
|
| 245 | 1 | 3 |
_aLa separación de los amantes _b: una fenomenología de la muerte / _cpor Igor A. Caruso. |
| 250 | _a21ª ed en español. | ||
| 260 |
_aMéxico : _bSiglo XXI, _c1997. |
||
| 300 |
_aVII,313 p. ; _c21 cm. |
||
| 490 | 1 | _aPsicología y etología | |
| 650 | 4 |
_aAnsiedad de separación. _99848 |
|
| 830 | 0 | 0 |
_aPsicología y etología (Siglo XXI) _9179901 |
| 852 |
_aES-MaACL _jL-23402 _bR.128378 |
||
| 999 |
_c16207 _d16207 |
||